01348nam a2200361 a 4500001000700000003000800007005001700015006001900032007001500051008004100066020001800107035002300125035002400148035002500172035002100197040002600218050002300244080001400267082001800281100002600299245016800325260005700493300001100550533016400561650001500725650002400740650003800764650003400802655002700836700004200863710001900905856006200924148391FlNmELB20241217182325.0m o d | cr cn|||||||||201002r2006 ag |||||s|||||||||||spa d z9789506414894 a(MiAaPQ)EBC3186418 a(Au-PeEL)EBL3186418 a(CaPaEBR)ebr10357332 a(OCoLC)928932921 aFlNmELBbspacFlNmELB 4aHD30.28bD286 2006 a658.012.404a658.4/0122221 aDebernardo, Héctor.13aEl puenteh[recurso electronico] :bmejore los resultados de su empresa aplicando el pensamiento sistémico /cHéctor Debernardo, Margarita Hurtado Hernández. aBuenos Aires, Argentina :bEdiciones Granica,c2006. a119 p. aRecurso electrónico. Santa Fe, Arg.: e-libro, 2015. Disponible vía World Wide Web. El acceso puede estar limitado para las bibliotecas afiliadas a e-libro. 4aGestión. 4aStrategic planning. 4aInformation resources management. 4aOrganizational effectiveness. 4aLibros electrónicos.1 aHurtado Hernández, Margarita,eaut.2 ae-libro, Corp.40uhttps://elibro.net/ereader/politecnicointernacional/66664